| 000 | 00428pab a2200157 454500 | ||
|---|---|---|---|
| 008 | 180718b1999 xxu||||| |||| 00| 0 eng d | ||
| 100 | _aDriver, Rebecca | ||
| 245 | _aEuropean monetary union and asymmetrict shocks in a new Keynesian model | ||
| 260 | _c1999 | ||
| 300 | _ap.665-88 | ||
| 362 | _aOct | ||
| 650 | _aEuropean monetary union | ||
| 700 | _aWren-Lewis, Simon | ||
| 773 | _aOxford Economic Papers | ||
| 909 | _a42837 | ||
| 999 |
_c42837 _d42837 |
||